[Event "BL 1718 Speyer-Schwegenheim - DJK Aache"]
[Site "?"]
[Date "2018.02.25"]
[Round "10.3"]
[White "Lupulescu, Constantin"]
[Black "Yankelevich, Lev"]
[Result "1-0"]
[WhiteElo "2626"]
[BlackElo "2446"]
[PlyCount "149"]
[EventDate "2018.??.??"]
[EventType "team-tourn"]

1. d4 Nf6 2. c4 e6 3. Nf3 d5 4. Nc3 Nbd7 5. Bg5 Bb4 6. e3 c5 7. cxd5 exd5 8.
Bd3 c4 9. Bf5 h6 10. Bh4 Nb6 11. Bc2 Bxc3+ 12. bxc3 Bg4 13. Qb1 Bxf3 14. gxf3
Qd6 15. a4 O-O 16. Kd2 Nh5 17. Bf5 Nc8 18. Bg4 Nf6 19. Bh3 Ne7 20. Bg3 Qc6 21.
Qb4 Rfe8 22. Rhb1 b6 23. a5 bxa5 24. Qxa5 Nh5 25. Qa6 Nxg3 26. Qxc6 Nxc6 27.
hxg3 Reb8 28. Bd7 Rxb1 29. Rxb1 Ne7 30. e4 Rd8 31. Rb7 a6 32. Ra7 Rb8 33. Ba4
Kf8 34. Rxa6 f5 35. exd5 Nxd5 36. Rc6 Rb1 37. Rc5 Nb6 38. Rxf5+ Ke7 39. Rb5
Rxb5 40. Bxb5 g5 41. g4 Kd6 42. Be8 Ke7 43. Bc6 Kd6 44. Be4 Ke6 45. Bh7 Kf6 46.
Kc1 Ke7 47. Kb2 Na4+ 48. Kc2 Nb6 49. Kd2 Kf6 50. Be4 Ke6 51. Bc6 Kd6 52. Bb5
Ke7 53. Ke2 Nd5 54. Bxc4 Nxc3+ 55. Kd2 Na4 56. Bb3 Nb6 57. Ke3 Kf6 58. f4 Nd7
59. fxg5+ hxg5 60. Ke4 Nb6 61. f4 Nd7 62. fxg5+ Kxg5 63. Be6 Nb8 64. d5 Kf6 65.
Kf4 Na6 66. g5+ Kg7 67. d6 Nc5 68. Bf5 Nb7 69. Ke5 Nc5 70. Kd5 Nb7 71. Kc6 Nd8+
72. Kc7 Nf7 73. d7 Nxg5 74. d8=Q Ne6+ 75. Bxe6 1-0

[Event "BL 1718 Speyer-Schwegenheim - DJK Aache"]
[Site "?"]
[Date "2018.02.25"]
[Round "10.4"]
[White "Kovacs, Gabor"]
[Black "Parligras, Mircea Emilian"]
[Result "0-1"]
[WhiteElo "2461"]
[BlackElo "2638"]
[PlyCount "72"]
[EventDate "2018.??.??"]
[EventType "team-tourn"]

1. d4 Nf6 2. c4 e6 3. Nc3 Bb4 4. e3 O-O 5. Nf3 d5 6. Bd3 dxc4 7. Bxc4 c5 8. O-O
Nc6 9. a3 Ba5 10. Qd3 a6 11. Bd2 b5 12. Ba2 Bb7 13. Rad1 Bc7 14. Bc1 Qd6 15.
dxc5 Qxc5 16. Ne2 Rfd8 17. Qc3 Qh5 18. Nf4 Qh6 19. Qc5 Ne4 20. Qc2 Ng5 21. Qe2
Nb4 22. Nxg5 Nxa2 23. Qg4 Nxc1 24. Rxc1 Be5 25. Rc5 Bd6 26. Rcc1 Qf6 27. b4
Rac8 28. Rxc8 Rxc8 29. Rd1 Be7 30. h4 h6 31. Nf3 Rd8 32. Rc1 Be4 33. Nh5 Qb2
34. Rf1 Bf5 35. Qg3 Bd6 36. Nf4 e5 0-1

[Event "BL 1718 Speyer-Schwegenheim - DJK Aache"]
[Site "?"]
[Date "2018.02.25"]
[Round "10.5"]
[White "Handke, Florian"]
[Black "Hoolt, Sarah"]
[Result "1/2-1/2"]
[WhiteElo "2533"]
[BlackElo "2400"]
[PlyCount "143"]
[EventDate "2018.??.??"]
[EventType "team-tourn"]

1. e4 e6 2. d4 d5 3. Nc3 Nf6 4. e5 Nfd7 5. f4 c5 6. Nf3 Nc6 7. Be3 Be7 8. Qd2
O-O 9. Be2 b6 10. Nd1 cxd4 11. Nxd4 Nxd4 12. Bxd4 Nb8 13. O-O Nc6 14. Bf2 Bb7
15. Bb5 Rc8 16. Bxc6 Rxc6 17. Bd4 f5 18. exf6 Bxf6 19. Ne3 Qd6 20. c3 Bxd4 21.
Qxd4 Rc7 22. g3 Re8 23. Rfe1 Qd8 24. Rad1 Qc8 25. Rd2 Ba6 26. Qe5 d4 27. Qxd4
Bb7 28. Ng4 Ba8 29. h4 Qb7 30. Kh2 h6 31. Ne5 Rf8 32. h5 Qc8 33. Qd6 Re8 34.
Ng6 Kh7 35. Red1 Rc5 36. Ne5 Rd5 37. Rxd5 Bxd5 38. c4 b5 39. c5 b4 40. Rd2 Qb7
41. Qd7 Qxd7 42. Nxd7 Rc8 43. Rc2 Bxa2 44. c6 Bd5 45. Ne5 Kg8 46. Rc5 Kf8 47.
Rb5 Bxc6 48. Rxb4 Bd5 49. Ra4 Rc7 50. b4 Ke7 51. Ra6 Rb7 52. g4 Rxb4 53. Rxa7+
Rb7 54. Ra4 Rb3 55. Ra7+ Rb7 56. Ra1 Rb3 57. Rc1 Kd8 58. Rc2 Ra3 59. Nf7+ Kd7
60. Rb2 Kc7 61. Ne5 Kc8 62. Rf2 Kc7 63. g5 hxg5 64. fxg5 Kd6 65. Nf7+ Ke7 66.
Ne5 Ra2 67. Rxa2 Bxa2 68. Kg3 Bb1 69. Kf4 Bc2 70. Nc6+ Kd6 71. Ne5 Ke7 72. Nc6+
1/2-1/2

[Event "BL 1718 Speyer-Schwegenheim - DJK Aache"]
[Site "?"]
[Date "2018.02.25"]
[Round "10.6"]
[White "Commercon, Simon"]
[Black "Burg, Twan"]
[Result "0-1"]
[WhiteElo "2257"]
[BlackElo "2517"]
[PlyCount "54"]
[EventDate "2018.??.??"]
[EventType "team-tourn"]

1. d4 Nf6 2. g3 d5 3. Nf3 c5 4. Bg2 cxd4 5. Nxd4 e5 6. Nb3 Nc6 7. Bg5 Be6 8.
Nc3 d4 9. Ne4 Bb4+ 10. Kf1 Be7 11. Nxf6+ gxf6 12. Bh6 Rg8 13. Qd3 Rg6 14. Bd2
f5 15. Qb5 Qb6 16. Qxb6 axb6 17. e3 d3 18. Nc1 dxc2 19. Ke1 Rd8 20. Ne2 Nb4 21.
Bxb4 Bxb4+ 22. Nc3 Bxa2 23. Bxb7 Rgd6 24. Kf1 Bxc3 25. bxc3 Rd1+ 26. Kg2 Rxh1
27. Bc6+ Kf8 0-1

[Event "BL 1718 Speyer-Schwegenheim - DJK Aache"]
[Site "?"]
[Date "2018.02.25"]
[Round "10.7"]
[White "Hoffmann, Michael"]
[Black "Prestel, Oliver"]
[Result "1/2-1/2"]
[WhiteElo "2442"]
[BlackElo "2152"]
[PlyCount "50"]
[EventDate "2018.??.??"]
[EventType "team-tourn"]

1. e4 e6 2. d4 d5 3. Nc3 Bb4 4. e5 c5 5. a3 Bxc3+ 6. bxc3 Ne7 7. Qg4 cxd4 8.
cxd4 Qc7 9. Bd2 Qxc2 10. Qxg7 Rg8 11. Qh6 Nbc6 12. Ne2 Nxd4 13. Rc1 Qa4 14.
Qxh7 Bd7 15. Nc3 Qxa3 16. Qd3 Nef5 17. Nxd5 Qxd3 18. Nf6+ Kd8 19. Bxd3 Rxg2 20.
Be4 Rg6 21. Bxb7 Rb8 22. Ba5+ Ke7 23. Bb4+ Kd8 24. Ba5+ Ke7 25. Bb4+ Kd8
1/2-1/2

[Event "BL 1718 OSG Baden Baden - SG Solingen"]
[Site "?"]
[Date "2018.02.25"]
[Round "10.10"]
[White "Anand, Viswanathan"]
[Black "Rapport, Richard"]
[Result "1/2-1/2"]
[WhiteElo "2779"]
[BlackElo "2703"]
[PlyCount "40"]
[EventDate "2018.??.??"]
[EventType "team-tourn"]

1. e4 Nc6 2. d4 d5 3. e5 Bf5 4. c3 e6 5. Nd2 a6 6. f4 f6 7. Nh3 Qd7 8. Nf2
O-O-O 9. Bd3 Nh6 10. O-O Na5 11. Be2 Qc6 12. Qe1 Be7 13. Nd1 Bc2 14. Rf3 fxe5
15. fxe5 Rdf8 16. Ne3 Bg6 17. Qg3 Qb6 18. a3 Nb3 19. Nxb3 Qxb3 20. Bd1 Qb5
1/2-1/2

[Event "BL 1718 OSG Baden Baden - SG Solingen"]
[Site "?"]
[Date "2018.02.25"]
[Round "10.11"]
[White "Ragger, Markus"]
[Black "Wojtaszek, Radoslaw"]
[Result "1/2-1/2"]
[WhiteElo "2666"]
[BlackElo "2735"]
[PlyCount "48"]
[EventDate "2018.??.??"]
[EventType "team-tourn"]

1. e4 c5 2. Nf3 d6 3. d4 cxd4 4. Nxd4 Nf6 5. Nc3 a6 6. g3 e5 7. Nde2 Be7 8. Bg2
O-O 9. O-O b5 10. Nd5 Nbd7 11. Nec3 Bb7 12. Be3 Nxd5 13. Nxd5 Nf6 14. a4 Bxd5
15. exd5 Qc7 16. Qd3 Qc4 17. Qxc4 bxc4 18. b4 cxb3 19. cxb3 Rab8 20. Rab1 Rb4
21. Bd2 Rd4 22. Be3 Rb4 23. Bd2 Rd4 24. Be3 Rb4 1/2-1/2

[Event "BL 1718 OSG Baden Baden - SG Solingen"]
[Site "?"]
[Date "2018.02.25"]
[Round "10.12"]
[White "Adams, Michael"]
[Black "Van Wely, Loek"]
[Result "1/2-1/2"]
[WhiteElo "2709"]
[BlackElo "2656"]
[PlyCount "109"]
[EventDate "2018.??.??"]
[EventType "team-tourn"]

1. e4 c5 2. Nf3 d6 3. d4 cxd4 4. Nxd4 Nf6 5. Nc3 a6 6. Be3 e6 7. g3 b5 8. Bg2
Bb7 9. O-O Nbd7 10. Re1 Rb8 11. a4 bxa4 12. Rxa4 Be7 13. Nb3 O-O 14. Ba7 Ra8
15. Bd4 Rb8 16. Ba7 Ra8 17. Bd4 Rb8 18. Qe2 Ne5 19. Na5 Ba8 20. f4 Ng6 21. e5
dxe5 22. fxe5 Bb4 23. Nb3 Bxg2 24. Qxg2 Nd5 25. Rea1 Bxc3 26. bxc3 Rc8 27. c4
Nb6 28. Rxa6 Nxc4 29. Qe4 Qg5 30. Bc5 Nd2 31. Nxd2 Rxc5 32. Nf3 Qd8 33. h4 h6
34. Ra8 Qb6 35. Kg2 Qc6 36. Rxf8+ Nxf8 37. Qxc6 Rxc6 38. Ra2 g6 39. Kf2 Nd7 40.
Nd4 Rc4 41. Ra8+ Kg7 42. Nxe6+ fxe6 43. Ra7 Rxc2+ 44. Ke1 Rc5 45. Rxd7+ Kf8 46.
Kf2 Rxe5 47. g4 Rd5 48. Ra7 h5 49. gxh5 Rxh5 50. Kg3 Rf5 51. Kg4 e5 52. Rb7 Rf6
53. Rb5 Re6 54. h5 gxh5+ 55. Kf5 1/2-1/2

[Event "BL 1718 OSG Baden Baden - SG Solingen"]
[Site "?"]
[Date "2018.02.25"]
[Round "10.13"]
[White "Ganguly, Surya Shekhar"]
[Black "Vallejo Pons, Francisco"]
[Result "1/2-1/2"]
[WhiteElo "2650"]
[BlackElo "2718"]
[PlyCount "47"]
[EventDate "2018.??.??"]
[EventType "team-tourn"]

1. e4 e5 2. Nf3 Nf6 3. Nxe5 d6 4. Nf3 Nxe4 5. d4 d5 6. Bd3 Bd6 7. O-O O-O 8. c4
c6 9. Re1 Re8 10. Nc3 Nxc3 11. bxc3 Rxe1+ 12. Qxe1 h6 13. a4 Nd7 14. c5 Bc7 15.
Ra2 b6 16. Re2 Nf6 17. Ne5 Bxe5 18. dxe5 Ne4 19. cxb6 axb6 20. Bxe4 dxe4 21.
Rxe4 c5 22. h3 Bf5 23. Rf4 Qd7 24. Qe3 1/2-1/2

[Event "BL 1718 OSG Baden Baden - SG Solingen"]
[Site "?"]
[Date "2018.02.25"]
[Round "10.14"]
[White "Bacrot, Etienne"]
[Black "Van Kampen, Robin"]
[Result "1/2-1/2"]
[WhiteElo "2722"]
[BlackElo "2646"]
[PlyCount "67"]
[EventDate "2018.??.??"]
[EventType "team-tourn"]

1. e4 e5 2. Nf3 Nc6 3. Bc4 Bc5 4. d3 Nf6 5. O-O O-O 6. c3 d6 7. Re1 a6 8. a4
Ba7 9. h3 b5 10. Bb3 b4 11. Nbd2 bxc3 12. bxc3 Na5 13. Bc2 Rb8 14. Nf1 h6 15.
d4 Re8 16. dxe5 dxe5 17. Qxd8 Rxd8 18. Nxe5 Re8 19. Nf3 Nb3 20. Rb1 Nxc1 21.
Rbxc1 Rb2 22. Ne3 Bd7 23. Nc4 Ra2 24. Nfd2 Rb8 25. Kf1 Nh5 26. Bb1 Rxa4 27. Ne5
Rb2 28. Red1 Be6 29. Nd3 Rb8 30. Bc2 Ra3 31. Nb1 Ra1 32. Nd2 Ra3 33. Nb1 Ra1
34. Nd2 1/2-1/2

[Event "BL 1718 OSG Baden Baden - SG Solingen"]
[Site "?"]
[Date "2018.02.25"]
[Round "10.15"]
[White "L'Ami, Erwin"]
[Black "Naiditsch, Arkadij"]
[Result "1-0"]
[WhiteElo "2625"]
[BlackElo "2705"]
[PlyCount "91"]
[EventDate "2018.??.??"]
[EventType "team-tourn"]

1. d4 Nf6 2. c4 e6 3. Nf3 d5 4. Nc3 Nbd7 5. Bg5 c6 6. e3 Qa5 7. Nd2 dxc4 8.
Bxf6 Nxf6 9. Nxc4 Qc7 10. Rc1 Be7 11. g3 O-O 12. Bg2 Rd8 13. O-O Nd5 14. a3 Bd7
15. b4 Be8 16. Qb3 Rac8 17. Ne5 Qb8 18. Nd3 Rc7 19. Rc2 Rdc8 20. Rfc1 Nf6 21.
a4 b6 22. b5 cxb5 23. axb5 Nd7 24. Bc6 a5 25. e4 Rd8 26. e5 Ra7 27. Na4 Nf8 28.
Bxe8 Rxe8 29. Rc6 Rb7 30. R1c4 Ng6 31. Nf4 Nxf4 32. gxf4 Qd8 33. Qf3 Rb8 34. f5
exf5 35. Qxf5 Bb4 36. Rc7 Rf8 37. Rd7 g6 38. Rxd8 gxf5 39. Rxb8 Rxb8 40. Kg2
Kf8 41. Kf3 f6 42. Kf4 fxe5+ 43. dxe5 Rd8 44. Nxb6 Rd2 45. Kxf5 Rxf2+ 46. Ke6
1-0

[Event "BL 1718 OSG Baden Baden - SG Solingen"]
[Site "?"]
[Date "2018.02.25"]
[Round "10.16"]
[White "Movsesian, Sergei"]
[Black "Predojevic, Borki"]
[Result "1/2-1/2"]
[WhiteElo "2649"]
[BlackElo "2629"]
[PlyCount "41"]
[EventDate "2018.??.??"]
[EventType "team-tourn"]

1. e4 e6 2. d4 d5 3. Nd2 c5 4. Ngf3 cxd4 5. exd5 Qxd5 6. Bc4 Qd8 7. O-O Nc6 8.
Nb3 a6 9. Nbxd4 Nxd4 10. Nxd4 Qc7 11. Qe2 Bd6 12. h3 Ne7 13. Bd3 O-O 14. Nf3
Ng6 15. Ng5 Be7 16. Qh5 Bxg5 17. Qxg5 Bd7 18. Be3 Rac8 19. Rfd1 h6 20. Qh5 Nf4
21. Bxf4 1/2-1/2

[Event "BL 1718 Speyer-Schwegenheim - SV Werder"]
[Site "?"]
[Date "2018.03.10"]
[Round "11.1"]
[White "Areshchenko, Alexander"]
[Black "Meskovs, Nikita"]
[Result "1-0"]
[WhiteElo "2647"]
[BlackElo "2536"]
[PlyCount "101"]
[EventDate "2018.??.??"]
[EventType "team-tourn"]

1. e4 e5 2. Nf3 Nc6 3. Bc4 Bc5 4. O-O Nf6 5. d3 d6 6. c3 a6 7. a4 O-O 8. h3 h6
9. Re1 Ba7 10. Nbd2 Ne7 11. d4 Ng6 12. Bb3 Re8 13. Bc2 c6 14. Nf1 Be6 15. Ng3
Qc7 16. Be3 Rad8 17. Qc1 a5 18. Nf5 Bxf5 19. exf5 exd4 20. Nxd4 Nf8 21. Qd2 d5
22. Bf4 Qb6 23. Be3 Bb8 24. b4 Qc7 25. g3 axb4 26. cxb4 N8d7 27. a5 Ne5 28. Bf4
c5 29. Rxe5 Rxe5 30. Nf3 Qe7 31. Nxe5 Bxe5 32. Qe3 Ne4 33. Bxe5 Qxe5 34. Rd1
Rc8 35. b5 Ra8 36. Bxe4 dxe4 37. Rc1 Qxf5 38. Rxc5 Qxh3 39. Qxe4 Rxa5 40. Rc1
Qd7 41. b6 Rh5 42. Qf3 g6 43. Rc7 Qe6 44. Qc3 Kh7 45. Rc8 Re5 46. Rc7 Rd5 47.
Rc8 g5 48. Rh8+ Kg6 49. Rg8+ Kh5 50. Qf3+ g4 51. Qh1# 1-0

[Event "BL 1718 Speyer-Schwegenheim - SV Werder"]
[Site "?"]
[Date "2018.03.10"]
[Round "11.2"]
[White "Horvath, Adam"]
[Black "McShane, Luke J"]
[Result "0-1"]
[WhiteElo "2484"]
[BlackElo "2647"]
[PlyCount "129"]
[EventDate "2018.??.??"]
[EventType "team-tourn"]

1. e4 e5 2. Nf3 Nc6 3. Bc4 Bc5 4. c3 Nf6 5. d3 O-O 6. Bg5 Be7 7. Nbd2 d6 8. Bb3
h6 9. Bh4 Nh5 10. Bxe7 Qxe7 11. Nc4 Be6 12. Ne3 Rae8 13. O-O Nf4 14. g3 Ng6 15.
h4 Qd7 16. Nh2 Nge7 17. Qh5 f5 18. exf5 Bxb3 19. axb3 Nxf5 20. b4 a6 21. Rae1
Rf7 22. d4 Ref8 23. dxe5 Nxe5 24. Qd1 Nxe3 25. Rxe3 Qc6 26. Qe1 Qb6 27. Kg2 a5
28. f4 Nc6 29. Re8 axb4 30. Rxf8+ Rxf8 31. Qe6+ Kh8 32. Ng4 Nd8 33. Qg6 bxc3
34. bxc3 Qc6+ 35. Kh3 Qxc3 36. f5 Qc4 37. Re1 Qf7 38. Qxf7 Nxf7 39. Re7 h5 40.
Ne3 c5 41. Rxb7 Nh6 42. Rd7 Re8 43. Nc4 Ng4 44. Kg2 Re2+ 45. Kg1 Re1+ 46. Kg2
Re2+ 47. Kg1 Ne5 48. Rd8+ Kh7 49. Nxd6 Rd2 50. Nf7 Nf3+ 51. Kf1 Nh2+ 52. Ke1
Nf3+ 53. Kf1 Rxd8 54. Nxd8 c4 55. Ke2 Nd4+ 56. Kd2 Nxf5 57. Ne6 Nxg3 58. Nf4
Kh6 59. Kc3 Nf5 60. Ng2 Nd6 61. Kd4 g5 62. hxg5+ Kxg5 63. Ne1 Kf4 64. Kd5 h4
65. Kd4 0-1

[Event "BL 1718 Speyer-Schwegenheim - SV Werder"]
[Site "?"]
[Date "2018.03.10"]
[Round "11.3"]
[White "Efimenko, Zahar"]
[Black "Nemeth, Miklos"]
[Result "1-0"]
[WhiteElo "2639"]
[BlackElo "2492"]
[PlyCount "119"]
[EventDate "2018.??.??"]
[EventType "team-tourn"]

1. Nf3 Nf6 2. g3 b6 3. Bg2 Bb7 4. O-O e6 5. d3 d5 6. Nbd2 Be7 7. e4 dxe4 8.
dxe4 O-O 9. e5 Nfd7 10. Qe2 Nc6 11. Rd1 Qc8 12. Nb1 Rd8 13. Nc3 Nc5 14. Rxd8+
Qxd8 15. a3 a5 16. Bf4 Qe8 17. h4 Rd8 18. Re1 Bf8 19. h5 h6 20. g4 a4 21. Rd1
Ba6 22. Qe1 Rd7 23. Rxd7 Qxd7 24. Qe3 Bb7 25. g5 Ne7 26. gxh6 Nf5 27. Qd2 Qxd2
28. Nxd2 Bxg2 29. Kxg2 gxh6 30. Nde4 Nxe4 31. Nxe4 Bg7 32. c4 Nd4 33. Nf6+ Kf8
34. Ng4 Nf5 35. Kf3 Ke7 36. Ke4 Kd7 37. Bd2 c6 38. Bc3 Kc7 39. Nh2 Bf8 40. Nf1
Bg7 41. Ng3 Ne7 42. f4 Bf8 43. f5 exf5+ 44. Nxf5 Ng8 45. Bd4 b5 46. cxb5 cxb5
47. Be3 Kd7 48. Kd5 b4 49. axb4 Bxb4 50. Nxh6 Ne7+ 51. Kc4 a3 52. bxa3 Bxa3 53.
Ng4 Ke6 54. Kb3 Kf5 55. Nh6+ Ke4 56. Bg5 Bc5 57. Kc4 Kxe5 58. Kxc5 f6 59. Bc1
f5 60. Bg5 1-0

[Event "BL 1718 Speyer-Schwegenheim - SV Werder"]
[Site "?"]
[Date "2018.03.10"]
[Round "11.4"]
[White "Shytaj, Luca"]
[Black "Hracek, Zbynek"]
[Result "0-1"]
[WhiteElo "2454"]
[BlackElo "2589"]
[PlyCount "92"]
[EventDate "2018.??.??"]
[EventType "team-tourn"]

1. e4 e5 2. Nf3 Nc6 3. Bb5 a6 4. Ba4 Nf6 5. d3 b5 6. Bb3 Bc5 7. a3 d6 8. Be3
Bxe3 9. fxe3 O-O 10. O-O Ne7 11. Qe1 Ng6 12. Nbd2 c6 13. a4 Be6 14. h3 c5 15.
Bxe6 fxe6 16. axb5 axb5 17. Rxa8 Qxa8 18. Ng5 Re8 19. Qg3 Qa7 20. h4 Nf8 21.
Qf3 h6 22. Nh3 Ng6 23. h5 Nf8 24. g4 N8h7 25. Kg2 Qa2 26. Rb1 c4 27. Qd1 d5 28.
Kg3 dxe4 29. Nxe4 Nxe4+ 30. dxe4 Nf6 31. Nf2 Rf8 32. c3 Qa7 33. Qe2 Qb7 34. Qc2
Nh7 35. Nh3 Rd8 36. Nf2 Ng5 37. b3 Qc6 38. bxc4 bxc4 39. Rb4 Rf8 40. Qe2 Rc8
41. Qc2 Rf8 42. Qe2 Nxe4+ 43. Nxe4 Qxe4 44. Kh2 Qd3 45. Rb2 Qxc3 46. Rc2 Qd3
0-1

[Event "BL 1718 Speyer-Schwegenheim - SV Werder"]
[Site "?"]
[Date "2018.03.10"]
[Round "11.5"]
[White "Spoelman, Wouter"]
[Black "Yankelevich, Lev"]
[Result "1-0"]
[WhiteElo "2561"]
[BlackElo "2437"]
[PlyCount "49"]
[EventDate "2018.??.??"]
[EventType "team-tourn"]

1. c4 e5 2. Nc3 Nf6 3. Nf3 Nc6 4. e3 Bb4 5. Qc2 Bxc3 6. Qxc3 Qe7 7. b3 d5 8. d4
exd4 9. Nxd4 Ne4 10. Nxc6 bxc6 11. Qxg7 Qb4+ 12. Ke2 Rf8 13. f3 Nc3+ 14. Kf2
Nd1+ 15. Kg1 f6 16. Qxc7 Bd7 17. Qf4 Qe1 18. h4 Rg8 19. Kh2 Kf7 20. Bb2 Rg6 21.
Rxd1 Qxd1 22. h5 Rh8 23. Qc7 Ke6 24. cxd5+ cxd5 25. Ba3 1-0

[Event "BL 1718 Speyer-Schwegenheim - SV Werder"]
[Site "?"]
[Date "2018.03.10"]
[Round "11.6"]
[White "Ruck, Robert"]
[Black "Werle, Jan"]
[Result "1-0"]
[WhiteElo "2529"]
[BlackElo "2524"]
[PlyCount "81"]
[EventDate "2018.??.??"]
[EventType "team-tourn"]

1. Nf3 f5 2. g3 Nf6 3. Bg2 g6 4. d4 Bg7 5. b3 O-O 6. Bb2 d6 7. O-O c6 8. Nbd2
Qc7 9. Re1 Ne4 10. e3 Na6 11. Qe2 Nxd2 12. Qxd2 e5 13. dxe5 dxe5 14. Rad1 e4
15. Bxg7 Qxg7 16. Nd4 Nc7 17. Bf1 Kh8 18. Qa5 b6 19. Qa3 Bb7 20. Rd2 Qe5 21.
Red1 a6 22. Ne2 c5 23. b4 Ne6 24. bxc5 Nxc5 25. Qb4 Rf6 26. Nf4 Raf8 27. Rd8
Rxd8 28. Rxd8+ Kg7 29. Qd4 Qe7 30. Bc4 Kh6 31. h4 Bc6 32. Nh3 Nd7 33. Rh8 Rd6
34. Qc3 Rd1+ 35. Kg2 Ne5 36. Be2 Rd3 37. Qa1 Kg7 38. Rb8 Qc7 39. Rxb6 Qxb6 40.
Qxe5+ Kf8 41. Ng5 1-0

[Event "BL 1718 Speyer-Schwegenheim - SV Werder"]
[Site "?"]
[Date "2018.03.10"]
[Round "11.7"]
[White "Markgraf, Rolf-Alexander"]
[Black "Kovacs, Gabor"]
[Result "1/2-1/2"]
[WhiteElo "2505"]
[BlackElo "2458"]
[PlyCount "53"]
[EventDate "2018.??.??"]
[EventType "team-tourn"]

1. e4 e5 2. Nf3 Nf6 3. Nxe5 d6 4. Nf3 Nxe4 5. Nc3 Nf6 6. d4 Be7 7. Bg5 h6 8.
Be3 c6 9. Bd3 Be6 10. Ne2 Nbd7 11. Nf4 Bf5 12. O-O Bxd3 13. Qxd3 d5 14. Rfe1
O-O 15. Nh4 Re8 16. Nf5 Bf8 17. Ne2 Ne4 18. Neg3 Qf6 19. f3 Nxg3 20. Nxg3 Bd6
21. Re2 Re6 22. Rae1 Rae8 23. Bf2 Rxe2 24. Rxe2 Rxe2 25. Nxe2 Qe7 26. Qe3 Kf8
27. Qxe7+ 1/2-1/2

[Event "BL 1718 OSG Baden Baden - SV Mülheim N"]
[Site "?"]
[Date "2018.03.10"]
[Round "11.2"]
[White "Anand, Viswanathan"]
[Black "Levin, Felix"]
[Result "1-0"]
[WhiteElo "2776"]
[BlackElo "2477"]
[PlyCount "65"]
[EventDate "2018.??.??"]
[EventType "team-tourn"]

1. e4 e5 2. Nf3 Nc6 3. Bc4 Bc5 4. c3 Nf6 5. d3 O-O 6. Bg5 h6 7. Bh4 Be7 8. Nbd2
d6 9. a4 a5 10. Bg3 Nd7 11. O-O Bf6 12. Re1 Nc5 13. Nb3 Nxb3 14. Qxb3 h5 15. h3
g5 16. Nd2 g4 17. hxg4 hxg4 18. Nf1 Ne7 19. Ne3 Bg5 20. d4 Bxe3 21. fxe3 Ng6
22. Rf1 Qe7 23. Rf2 Kg7 24. Raf1 f6 25. Bd3 b6 26. Qd1 Bd7 27. Rf5 Rf7 28. Bc4
Be6 29. Bxe6 Qxe6 30. Qxg4 Rh8 31. dxe5 dxe5 32. Bxe5 Rh4 33. Qg3 1-0

[Event "BL 1718 OSG Baden Baden - SV Mülheim N"]
[Site "?"]
[Date "2018.03.10"]
[Round "11.3"]
[White "Feygin, Michael"]
[Black "Svidler, Peter"]
[Result "0-1"]
[WhiteElo "2499"]
[BlackElo "2760"]
[PlyCount "106"]
[EventDate "2018.??.??"]
[EventType "team-tourn"]

1. f4 d5 2. Nf3 g6 3. g3 Bg7 4. Bg2 Nf6 5. O-O O-O 6. d3 c5 7. Nc3 d4 8. Na4
Nfd7 9. c4 Nc6 10. a3 Rb8 11. Bd2 b6 12. b4 Qc7 13. Qc2 Bb7 14. Rab1 Nd8 15.
bxc5 bxc5 16. Rb5 Bc6 17. Rxb8 Qxb8 18. Ng5 Bxg2 19. Kxg2 Qc7 20. e4 dxe3 21.
Bxe3 Nb7 22. Ne4 Nd6 23. Nac3 Bxc3 24. Nxc3 Nf6 25. Kg1 Rd8 26. Nd5 Nxd5 27.
cxd5 Rc8 28. Rb1 Qa5 29. Qe2 Qxa3 30. Bc1 Qa4 31. Bb2 Rb8 32. Re1 Qa2 33. Bc3
Qxe2 34. Rxe2 Rb3 35. Rc2 f6 36. Be1 Nb7 37. Bf2 Rb5 38. Kf1 Kf7 39. Ke2 Ke8
40. Kf3 Kd7 41. d4 cxd4 42. Ke4 a5 43. Kxd4 Rb4+ 44. Kd3 Kd6 45. Re2 a4 46. Kc3
Rb3+ 47. Kc2 Na5 48. Be1 Nc4 49. Re6+ Kd7 50. Ra6 Ne3+ 51. Kc1 a3 52. Ra5 Kd6
53. Bf2 Nc4 0-1

[Event "BL 1718 OSG Baden Baden - SV Mülheim N"]
[Site "?"]
[Date "2018.03.10"]
[Round "11.4"]
[White "Wojtaszek, Radoslaw"]
[Black "Zelbel, Patrick"]
[Result "1-0"]
[WhiteElo "2738"]
[BlackElo "2440"]
[PlyCount "49"]
[EventDate "2018.??.??"]
[EventType "team-tourn"]

1. d4 Nf6 2. c4 e6 3. Nf3 d5 4. Nc3 Bb4 5. cxd5 exd5 6. Bf4 Ne4 7. Rc1 Nc6 8.
Nd2 g5 9. Be3 f5 10. g3 Nxc3 11. bxc3 Bd6 12. Nf3 f4 13. gxf4 gxf4 14. Bd2 Qf6
15. Qb3 Bd7 16. Rg1 h6 17. c4 dxc4 18. Qxc4 O-O-O 19. Bc3 Rhe8 20. d5 Qf7 21.
Rg7 Qh5 22. Rxd7 Kxd7 23. dxc6+ bxc6 24. Nd4 Qxh2 25. Qxc6+ 1-0

[Event "BL 1718 OSG Baden Baden - SV Mülheim N"]
[Site "?"]
[Date "2018.03.10"]
[Round "11.5"]
[White "Hausrath, Daniel"]
[Black "Adams, Michael"]
[Result "1/2-1/2"]
[WhiteElo "2503"]
[BlackElo "2705"]
[PlyCount "102"]
[EventDate "2018.??.??"]
[EventType "team-tourn"]

1. Nf3 d5 2. g3 Nf6 3. Bg2 c6 4. O-O Bg4 5. d4 e6 6. Nbd2 Be7 7. Re1 a5 8. c3
a4 9. e4 O-O 10. Qe2 Bh5 11. Qf1 Nbd7 12. e5 Ne8 13. h4 Nc7 14. Bh3 Bg6 15. a3
c5 16. Qe2 Ra6 17. Nf1 Rb6 18. g4 cxd4 19. cxd4 Bxh4 20. g5 Bh5 21. N1h2 f6 22.
gxf6 gxf6 23. Bh6 Rf7 24. Kh1 fxe5 25. Rg1+ Bg6 26. dxe5 Be7 27. Rac1 Bf8 28.
Bg5 Qb8 29. Nh4 Rc6 30. Rxc6 bxc6 31. Nxg6 hxg6 32. Qc2 Bg7 33. f4 Qb3 34. Qxb3
axb3 35. Rc1 c5 36. Bd8 Rxf4 37. Bxc7 Kf7 38. Ng4 Re4 39. Rf1+ Ke8 40. Nf2 Re2
41. Bxe6 Bxe5 42. Bxe5 Rxe5 43. Bxd7+ Kxd7 44. Nd3 Rh5+ 45. Kg2 c4 46. Rd1 cxd3
47. Rxd3 Re5 48. Rxb3 Kc6 49. a4 d4 50. Kf3 g5 51. Ra3 Kc5 1/2-1/2

[Event "BL 1718 OSG Baden Baden - SV Mülheim N"]
[Site "?"]
[Date "2018.03.10"]
[Round "11.6"]
[White "Vallejo Pons, Francisco"]
[Black "Dinstuhl, Volkmar"]
[Result "1-0"]
[WhiteElo "2716"]
[BlackElo "2384"]
[PlyCount "55"]
[EventDate "2018.??.??"]
[EventType "team-tourn"]

1. e4 g6 2. d4 Bg7 3. Be3 c5 4. Nc3 Qa5 5. Nf3 Nf6 6. Qd2 cxd4 7. Nxd4 Nc6 8.
Nb3 Qd8 9. f3 h5 10. O-O-O d6 11. Kb1 Be6 12. h3 a6 13. Be2 Rc8 14. g4 Na5 15.
Bd4 Kf8 16. f4 Nc4 17. Qc1 b5 18. f5 gxf5 19. exf5 Bd7 20. g5 Ne8 21. Rhf1 Bc6
22. Bxg7+ Kxg7 23. Bxc4 bxc4 24. Nd4 Bb7 25. Rde1 Kf8 26. Ne6+ fxe6 27. fxe6+
Kg7 28. Qf4 1-0

[Event "BL 1718 OSG Baden Baden - SV Mülheim N"]
[Site "?"]
[Date "2018.03.10"]
[Round "11.7"]
[White "Rezasade, Amir"]
[Black "Bacrot, Etienne"]
[Result "0-1"]
[WhiteElo "2356"]
[BlackElo "2718"]
[PlyCount "76"]
[EventDate "2018.??.??"]
[EventType "team-tourn"]

1. Nf3 e6 2. g3 b6 3. Bg2 Bb7 4. O-O Nf6 5. c4 g6 6. b3 Bg7 7. Bb2 O-O 8. Nc3
d5 9. cxd5 exd5 10. d4 c5 11. Rc1 Na6 12. e3 Re8 13. Ne2 Ne4 14. Ba3 Rc8 15.
Nf4 Nb4 16. Bxb4 cxb4 17. Qd3 Qd7 18. Rfe1 g5 19. Nh5 Bh8 20. Ne5 Qe6 21. Bxe4
dxe4 22. Qb5 f6 23. Rxc8 Rxc8 24. Nc4 Qe7 25. d5 Rd8 26. d6 Qe6 27. h4 Qg4 28.
Na5 bxa5 29. Qxb7 Qxh5 30. Qxe4 gxh4 31. Qe6+ Qf7 32. Qg4+ Bg7 33. Rc1 Qd7 34.
Qc4+ Kh8 35. Rd1 hxg3 36. fxg3 Bf8 37. Qf4 Qe6 38. d7 Rxd7 0-1

[Event "BL 1718 OSG Baden Baden - SV Mülheim N"]
[Site "?"]
[Date "2018.03.10"]
[Round "11.8"]
[White "Naiditsch, Arkadij"]
[Black "Wagner, Leopold Franziskus"]
[Result "1-0"]
[WhiteElo "2701"]
[BlackElo "2220"]
[PlyCount "65"]
[EventDate "2018.??.??"]
[EventType "team-tourn"]

1. e4 c6 2. d4 d5 3. exd5 cxd5 4. c4 Nf6 5. Nc3 Nc6 6. Bg5 Be6 7. Be2 Qa5 8. c5
Ne4 9. Nf3 Bf5 10. Bd2 Nxd2 11. Qxd2 e6 12. Bb5 Be7 13. g4 Bg6 14. Ne5 Qc7 15.
h4 f6 16. Nxg6 hxg6 17. Qe3 Qd7 18. O-O-O Bd8 19. f4 f5 20. h5 Bc7 21. hxg6
O-O-O 22. gxf5 exf5 23. Rxh8 Rxh8 24. Qf3 Rd8 25. Ba4 Qe6 26. Bb3 Ne7 27. Kb1
Ba5 28. Bc2 Bxc3 29. Qxc3 Nxg6 30. Re1 Qf6 31. Qa5 Nxf4 32. Qxa7 g6 33. c6 1-0